Các giải pháp chiến lược nâng cao hiệu quả xuất khẩu gạo Việt Nam
Gespeichert in:
| 1. Verfasser: | |
|---|---|
| Format: | Buch |
| Sprache: | Undetermined |
| Veröffentlicht: |
Hà Nội
Thống Kê
2000
|
| Schlagworte: | |
| Tags: |
Tag hinzufügen
Keine Tags, Fügen Sie den ersten Tag hinzu!
|
| Thư viện lưu trữ: | Trung tâm Học liệu Trường Đại học Cần Thơ |
|---|
| LEADER | 00629nam a2200193Ia 4500 | ||
|---|---|---|---|
| 001 | CTU_39361 | ||
| 008 | 210402s9999 xx 000 0 und d | ||
| 020 | |b 20.000đ | ||
| 082 | |a 658.4012 | ||
| 082 | |b S464 | ||
| 100 | |a Nguyễn Văn Sơn | ||
| 245 | 0 | |a Các giải pháp chiến lược nâng cao hiệu quả xuất khẩu gạo Việt Nam | |
| 245 | 0 | |c Nguyễn Văn Sơn | |
| 260 | |a Hà Nội | ||
| 260 | |b Thống Kê | ||
| 260 | |c 2000 | ||
| 650 | |a business,managerial economics,stragtegic planning | ||
| 904 | |i Minh, 001111 | ||
| 980 | |a Trung tâm Học liệu Trường Đại học Cần Thơ | ||